000 00354nam a2200145Ia 4500
005 20251222144702.0
008 251222s9999||||xx |||||||||||||| ||spa||
020 _a9789972932137
082 _a339/G14/2018
100 _aGalindo, Hamilton
245 0 _aMacroeconomía Dinámica
250 _a1a. ed.
264 _bFondo Editorial EDUNI
942 _cLIB
999 _c17499
_d17499